000 00450nam a22001937a 4500
003 LK-CoDNM
005 20241226123607.0
008 241226b |||||||| |||| 00| 0 eng d
040 _aLK-CoDNM
_dLK-CoDNM
_eLK-CoDNM
041 _aeng
080 _aRC
_b175
100 _aPARANAVITANA,S
245 _aSIGIRI GRAFFITI
250 _aVOL 1
260 _c1956
300 _accxxi p. : lv ill ; 29 cm
650 _aSIGIRI GRAFFITI
942 _cBK
999 _c234224
_d234224